|
|
|
|
| LEADER |
01451nam a2200433 i 4500 |
| 001 |
001574497 |
| 003 |
CZ BrMZK |
| 005 |
20170517074414.0 |
| 007 |
ta |
| 008 |
170502s2005 xo a e 000 0 cze |
| 020 |
|
|
|a 80-8079-038-8
|q (brožováno)
|
| 040 |
|
|
|a ABA001
|b cze
|d BOA001
|e rda
|
| 072 |
|
7 |
|a 316
|x Sociologie
|2 Konspekt
|9 18
|
| 080 |
|
|
|a 316.423
|2 MRF
|
| 080 |
|
|
|a 316.42
|2 MRF
|
| 080 |
|
|
|a 316.7+008
|2 MRF
|
| 080 |
|
|
|a 316.422
|2 MRF
|
| 080 |
|
|
|a 316.48
|2 MRF
|
| 080 |
|
|
|a (048.8)
|2 MRF
|
| 100 |
1 |
|
|a Fiala, Josef
|4 aut
|
| 245 |
1 |
0 |
|a Máme ještě šanci?, nebo, Kam kráčí naše civilizace? /
|c Josef Fiala
|
| 246 |
3 |
0 |
|a Kam kráčí naše civilizace?
|
| 246 |
1 |
4 |
|a Máme ještě šanci?, anebo, Kam kráčí naše civilizace?
|
| 264 |
|
1 |
|a Bratislava :
|b Eko-konzult,
|c 2005
|
| 300 |
|
|
|a 127 stran :
|b ilustrace ;
|c 21 cm
|
| 336 |
|
|
|a text
|b txt
|2 rdacontent
|
| 337 |
|
|
|a bez média
|b n
|2 rdamedia
|
| 338 |
|
|
|a svazek
|b nc
|2 rdacarrier
|
| 504 |
|
|
|a Obsahuje bibliografii
|
| 650 |
0 |
7 |
|a globální problémy
|7 ph114633
|2 czenas
|
| 650 |
0 |
7 |
|a globální změny
|7 ph120571
|2 czenas
|
| 650 |
0 |
7 |
|a civilizace
|7 ph119248
|2 czenas
|
| 650 |
0 |
7 |
|a globalizace
|7 ph120568
|2 czenas
|
| 650 |
0 |
7 |
|a konflikty
|7 ph121797
|2 czenas
|
| 655 |
|
7 |
|a studie
|7 fd133597
|2 czenas
|
| 910 |
|
|
|a BOA001
|b 2-1388.155
|
| 990 |
|
|
|a BK
|
| 991 |
|
|
|b 201705
|c NOV
|
| 996 |
7 |
|
|b 2610706084
|c 2-1388.155
|l MZK
|r Sklad / do 1 hodiny
|n 0
|p dar
|w 001609993
|u 000010
|a 1
|e BOA001
|j MZK50
|s A
|